| 000 | 00863nam a2200217 a 4500 | ||
|---|---|---|---|
| 001 | 16470 | ||
| 003 | CO-ViMGA | ||
| 008 | 141112s2004 ck r 000 u spa d | ||
| 040 |
_aCO-ViMGA _bspa _cCO-ViMGA |
||
| 082 | 0 | 4 | _a342.861 C656c |
| 100 | 1 |
_aColombia .Ministerio del Interior.Dirección general de asuntos políticos y electorales, _923517 |
|
| 245 | 1 | 0 | _aConmemoración y evaluación de los diez años de vigencia de la constitución política de Colombia |
| 260 |
_aBogotá : _bMinisterio del interior, _c2002 |
||
| 300 | _a2v | ||
| 505 | _aVOL (1) : Memorias VOL (2) : Investigaciónes | ||
| 590 | _aForma de adquisición : Premio - Mincultura | ||
| 650 | 1 | 4 |
_aCOLOMBIA - CONSTITUCION - 1991 - COMENTARIOS _923518 |
| 650 | 1 | 4 |
_aCOLOMBIA - DERECHO CONSTITUCIONAL _923519 |
| 650 | 1 | 4 |
_aREFORMAS CONSTITUCIONALES - COLOMBIA 1991 _918301 |
| 942 |
_2ddc _cBK |
||
| 999 |
_c26294 _d26294 |
||